[Event "26. Copenhagen Open  (Politiken Cup)"]
[Site "Taastrup"]
[Date "2004.07.25"]
[Round "2"]
[White "Lie, Kjetil A"]
[Black "Bogdanov, Dimitri"]
[Result "1-0"]
[WhiteElo "2459"]
[BlackElo "2129"]
[PlyCount "63"]
[EventDate "2004.07.24"]
[EventType "swiss"]
[EventRounds "10"]
[EventCountry "DEN"]
[SourceDate "2004.01.01"]

1. c4 g6 2. g3 Bg7 3. Bg2 d6 4. Nc3 e5 5. e4 Nc6 6. Nge2 h5 7. h4 Bg4 8. f3 Be6
9. d3 Qd7 10. Nd5 Nce7 11. d4 c6 12. Ne3 Qc7 13. f4 f6 14. O-O Nh6 15. d5 Bg4
16. fxe5 fxe5 17. dxc6 bxc6 18. c5 Rd8 19. Nxg4 Nxg4 20. Qb3 d5 21. Bg5 Rf8 22.
Rxf8+ Kxf8 23. Rf1+ Kg8 24. exd5 cxd5 25. c6 Rb8 26. Qa3 Qb6+ 27. Kh1 Nf2+ 28.
Rxf2 Qxf2 29. Qxe7 Qxe2 30. c7 Rxb2 31. c8=Q+ Kh7 32. Qxg7+ 1-0

[Event "26. Copenhagen Open  (Politiken Cup)"]
[Site "Taastrup"]
[Date "2004.07.25"]
[Round "2"]
[White "Lie, Terje"]
[Black "Tuomainen, Jari"]
[Result "0-1"]
[WhiteElo "1094"]
[BlackElo "1767"]
[PlyCount "100"]
[EventDate "2004.07.24"]
[EventType "swiss"]
[EventRounds "10"]
[EventCountry "DEN"]
[SourceDate "2004.01.01"]

1. d4 d5 2. c4 c6 3. Nc3 Nf6 4. Nf3 dxc4 5. a4 Nd5 6. e4 Nxc3 7. bxc3 g6 8.
Bxc4 Bg7 9. Be3 O-O 10. O-O c5 11. Qd2 cxd4 12. Bxd4 Nc6 13. Bxg7 Qxd2 14. Nxd2
Kxg7 15. Rfd1 Ne5 16. Be2 Be6 17. Rab1 b6 18. Nb3 Rac8 19. Rdc1 Bc4 20. Nd4
Bxe2 21. Nxe2 Rc4 22. Rb4 Rfc8 23. Ra1 Rxb4 24. cxb4 Rc4 25. f3 Rxb4 26. Nc3 e6
27. Nb5 a5 28. Ra2 Nd3 29. Nc3 Rc4 30. Ra3 Nc5 31. Kf2 h5 32. Ke3 Rb4 33. h4
Nd7 34. Kf4 Nc5 35. Ke3 f6 36. g3 Kf7 37. f4 e5 38. f5 gxf5 39. exf5 Rg4 40.
Kf3 Rb4 41. Ke3 Rb2 42. Nb5 Ke7 43. Nc3 Kf8 44. Nd5 Kg7 45. Nc3 Rb4 46. Kf3 Nb7
47. Ke3 Nd6 48. Nd5 Nxf5+ 49. Kd3 Rd4+ 50. Kc2 Rxd5 0-1

[Event "26. Copenhagen Open  (Politiken Cup)"]
[Site "Taastrup"]
[Date "2004.07.25"]
[Round "2"]
[White "Lovik, Lasse Ostebo"]
[Black "Baark, Mathias"]
[Result "0-1"]
[WhiteElo "1267"]
[BlackElo "1811"]
[PlyCount "82"]
[EventDate "2004.07.24"]
[EventType "swiss"]
[EventRounds "10"]
[EventCountry "DEN"]
[SourceDate "2004.01.01"]

1. e4 d5 2. exd5 Qxd5 3. Nc3 Qa5 4. d4 Nf6 5. Bd2 c6 6. Bd3 Bg4 7. Ne4 Qh5 8.
f3 Nxe4 9. Bxe4 Bf5 10. Ne2 Bg6 11. c4 e6 12. h4 Bxe4 13. g4 Qg6 14. h5 Qf6 15.
fxe4 Qf3 16. Rf1 Qxe4 17. Qb3 b6 18. Qg3 Be7 19. Rf2 Qh1+ 20. Rf1 Qe4 21. Rf2
Nd7 22. O-O-O Nf6 23. Bf4 c5 24. d5 Qxc4+ 25. Nc3 Ne4 26. Qf3 Nxf2 27. dxe6 O-O
28. b3 Qxe6 29. Qxf2 Bf6 30. Re1 Qxg4 31. Nd5 Bh4 32. Rg1 Bxf2 33. Rxg4 f5 34.
Ne7+ Kf7 35. Nxf5 g6 36. hxg6+ hxg6 37. Nd6+ Kg7 38. Be5+ Kh6 39. Ne4 Rae8 40.
Bf4+ Rxf4 41. Rxf4 Be3+ 0-1

[Event "26. Copenhagen Open  (Politiken Cup)"]
[Site "Taastrup"]
[Date "2004.07.25"]
[Round "2"]
[White "Lund-Petersen, Rasmus"]
[Black "Svanholm, Borge Waaktaar"]
[Result "0-1"]
[WhiteElo "1678"]
[BlackElo "2052"]
[PlyCount "116"]
[EventDate "2004.07.24"]
[EventType "swiss"]
[EventRounds "10"]
[EventCountry "DEN"]
[SourceDate "2004.01.01"]

1. Nf3 d6 2. g3 Nf6 3. Bg2 e5 4. d3 g6 5. c4 Nc6 6. Nc3 Bg7 7. Bg5 h6 8. Bd2
O-O 9. Qc1 Kh7 10. O-O Be6 11. Rd1 Qd7 12. Ne1 Bh3 13. Bh1 Ng4 14. f3 Nf6 15.
Ng2 Ne7 16. Be3 Nfg8 17. d4 exd4 18. Bxd4 Bxd4+ 19. Rxd4 Nc6 20. Rd1 Qe8 21.
Nf4 Bd7 22. Nfd5 Rc8 23. Qd2 Ne5 24. b3 f5 25. Qd4 b6 26. a4 a5 27. Nb5 Bxb5
28. cxb5 Ne7 29. Nf4 Qf7 30. b4 axb4 31. Qxb4 g5 32. Nd3 Nxd3 33. exd3 Ng6 34.
d4 Rfe8 35. Re1 Rxe1+ 36. Rxe1 Re8 37. Kf1 Rxe1+ 38. Kxe1 Qa2 39. Kf1 Qxh2 40.
Bg2 Qxg3 41. Qc4 h5 42. Qxc7+ Kh6 43. Qxb6 h4 44. d5 h3 45. Bh1 Qh2 46. Qg1 Qc2
47. Qf2 Qxa4 48. Qe2 Qa1+ 49. Qe1 Qb2 50. Kg1 h2+ 51. Kf1 Qxb5+ 52. Qe2 Qxe2+
53. Kxe2 Nf4+ 54. Kf2 Kg6 55. Kg3 Kf6 56. Kxh2 Ke5 57. Kg3 Kxd5 58. Kf2 Kd4 0-1

[Event "26. Copenhagen Open  (Politiken Cup)"]
[Site "Taastrup"]
[Date "2004.07.25"]
[Round "2"]
[White "Lynge, Torben"]
[Black "Asbjornsson, Ingvar"]
[Result "0-1"]
[WhiteElo "1916"]
[BlackElo "1275"]
[PlyCount "84"]
[EventDate "2004.07.24"]
[EventType "swiss"]
[EventRounds "10"]
[EventCountry "DEN"]
[SourceDate "2004.01.01"]

1. e4 c5 2. Bc4 Nc6 3. Nf3 d6 4. Nc3 Nf6 5. d3 e6 6. Bg5 Be7 7. Qe2 O-O 8. Bb3
a6 9. O-O b5 10. a3 h6 11. Bh4 Nd7 12. Bg3 Nb6 13. Rfe1 Bd7 14. Rad1 Qc7 15.
Nb1 e5 16. c3 Bf6 17. Bc2 a5 18. b3 b4 19. a4 Rac8 20. Rd2 Bg4 21. Qe3 Bxf3 22.
Qxf3 bxc3 23. Nxc3 Nd4 24. Qg4 Bg5 25. f4 f5 26. exf5 exf4 27. Bf2 f3 28. Bxd4
Bxd2 29. Nb5 Qd7 30. Rd1 cxd4 31. Rxd2 Rxf5 32. Nxd6 Qxd6 33. Qxf5 Rf8 34. Qh3
Qe5 35. Kf1 Qg5 36. Rd1 Qe3 37. g3 Qe2+ 38. Kg1 Qxc2 39. Rf1 Rf6 40. Rf2 Qc1+
41. Rf1 f2+ 42. Kg2 Qc6# 0-1

[Event "26. Copenhagen Open  (Politiken Cup)"]
[Site "Taastrup"]
[Date "2004.07.25"]
[Round "2"]
[White "Mathiesen, Erik"]
[Black "Dannevig, Oystein"]
[Result "0-1"]
[WhiteElo "2112"]
[BlackElo "2363"]
[PlyCount "50"]
[EventDate "2004.07.24"]
[EventType "swiss"]
[EventRounds "10"]
[EventCountry "DEN"]
[SourceDate "2004.01.01"]

1. e4 c5 2. Nf3 d6 3. d4 cxd4 4. Nxd4 Nf6 5. Bd3 Nc6 6. Nxc6 bxc6 7. O-O g6 8.
Be3 Bg7 9. f3 O-O 10. c4 Rb8 11. Rf2 d5 12. cxd5 cxd5 13. e5 d4 14. Bc1 Nd5 15.
f4 Ne3 16. Qe1 f6 17. Bxe3 dxe3 18. Qxe3 fxe5 19. Bc4+ Kh8 20. Qxa7 Rb7 21. Qa4
exf4 22. Kf1 Rxb2 23. Nd2 Rxd2 24. Rxd2 Qxd2 25. Rd1 Qb2 0-1

[Event "26. Copenhagen Open  (Politiken Cup)"]
[Site "Taastrup"]
[Date "2004.07.25"]
[Round "2"]
[White "Moen, Andreas"]
[Black "Fredriksen, Jan Gunnar"]
[Result "1-0"]
[WhiteElo "2267"]
[BlackElo "1766"]
[PlyCount "63"]
[EventDate "2004.07.24"]
[EventType "swiss"]
[EventRounds "10"]
[EventCountry "DEN"]
[SourceDate "2004.01.01"]

1. d4 d6 2. c4 e5 3. Nf3 e4 4. Ng5 f5 5. h4 Nf6 6. Nc3 Be7 7. Nh3 O-O 8. Nf4 c6
9. g3 Na6 10. e3 Nc7 11. b4 Be6 12. Nxe6 Nxe6 13. d5 Nc7 14. Bb2 cxd5 15. cxd5
Ng4 16. Be2 Ne5 17. Qb3 Ne8 18. Nb5 a6 19. Nd4 Nc7 20. O-O-O Qd7 21. Kb1 Bf6
22. Rd2 Kh8 23. Rc1 Rfc8 24. Rdc2 Ne8 25. b5 Rxc2 26. Rxc2 h6 27. Ne6 Nd3 28.
Bxd3 exd3 29. Qxd3 Qxb5 30. Qxb5 axb5 31. Nc7 Nxc7 32. Rxc7 1-0

[Event "26. Copenhagen Open  (Politiken Cup)"]
[Site "Taastrup"]
[Date "2004.07.25"]
[Round "2"]
[White "Moller, Arne"]
[Black "Edvardsson, Hannu Kalervo"]
[Result "1-0"]
[WhiteElo "1936"]
[BlackElo "1289"]
[PlyCount "61"]
[EventDate "2004.07.24"]
[EventType "swiss"]
[EventRounds "10"]
[EventCountry "DEN"]
[SourceDate "2004.01.01"]

1. e4 e5 2. Nf3 d6 3. d4 exd4 4. Nxd4 Nf6 5. Nc3 Be7 6. Be2 O-O 7. O-O Bd7 8.
f4 Nc6 9. Nf3 h6 10. a3 Bg4 11. h3 Bxf3 12. Bxf3 a6 13. Be3 b5 14. e5 dxe5 15.
Bxc6 Rb8 16. fxe5 Nh7 17. Qg4 Kh8 18. Rad1 Qc8 19. Qxc8 Rfxc8 20. Rxf7 Bg5 21.
Bd4 Nf8 22. Ne4 Ne6 23. Nxg5 Nxg5 24. Rd7 Ne6 25. c3 Rf8 26. Rf1 Rxf1+ 27. Kxf1
Rf8+ 28. Kg1 Rb8 29. Re7 Nf4 30. Rxc7 Nd3 31. e6 1-0

[Event "26. Copenhagen Open  (Politiken Cup)"]
[Site "Taastrup"]
[Date "2004.07.25"]
[Round "2"]
[White "Moller, Frederik Oest"]
[Black "Larsen, Alex"]
[Result "1-0"]
[WhiteElo "1832"]
[BlackElo "1182"]
[PlyCount "57"]
[EventDate "2004.07.24"]
[EventType "swiss"]
[EventRounds "10"]
[EventCountry "DEN"]
[SourceDate "2004.01.01"]

1. e4 e6 2. d4 d5 3. Nc3 Nf6 4. e5 Nfd7 5. f4 b6 6. a3 c5 7. Nce2 Nc6 8. c3 a5
9. Nf3 Bb7 10. Be3 Qc7 11. Qc2 O-O-O 12. Ng5 Ndb8 13. Nxh7 Be7 14. g3 g6 15.
Ng5 Bxg5 16. fxg5 Nxe5 17. Bf4 Qe7 18. Bxe5 Qxg5 19. h4 Qe3 20. Bxh8 Rxh8 21.
Bg2 Ba6 22. Qd2 Qd3 23. Rf1 f5 24. Rf2 Nd7 25. Qxd3 Bxd3 26. Nf4 c4 27. Kd2 e5
28. Nxg6 Rg8 29. Ne7+ 1-0

[Event "26. Copenhagen Open  (Politiken Cup)"]
[Site "Taastrup"]
[Date "2004.07.25"]
[Round "2"]
[White "Mortensen, Henrik"]
[Black "Konstatinov, Maxim"]
[Result "1/2-1/2"]
[WhiteElo "2018"]
[BlackElo "1517"]
[PlyCount "83"]
[EventDate "2004.07.24"]
[EventType "swiss"]
[EventRounds "10"]
[EventCountry "DEN"]
[SourceDate "2004.01.01"]

1. e4 c5 2. Ne2 e5 3. c4 Nf6 4. Nbc3 Nc6 5. g3 Be7 6. Bg2 O-O 7. O-O d6 8. d3
Be6 9. f4 exf4 10. gxf4 Bg4 11. h3 Bxe2 12. Qxe2 Re8 13. Be3 Qb8 14. Rae1 Nd7
15. Nd5 a6 16. Qf2 Qd8 17. Nxe7+ Qxe7 18. Rd1 Rac8 19. Rfe1 Qf6 20. b3 Nf8 21.
d4 cxd4 22. Bxd4 Nxd4 23. Rxd4 Ne6 24. Rxd6 Qxf4 25. e5 b5 26. Qxf4 Nxf4 27.
Bc6 Red8 28. cxb5 axb5 29. Red1 Rxd6 30. exd6 Nxh3+ 31. Kh2 Nf4 32. d7 Rd8 33.
Bxb5 Kf8 34. a4 Ke7 35. a5 Ne6 36. b4 Rb8 37. a6 Nd8 38. a7 Ra8 39. Ra1 Kd6 40.
Ra6+ Kc7 41. Bd3 Kb7 42. Kg3 1/2-1/2

[Event "26. Copenhagen Open  (Politiken Cup)"]
[Site "Taastrup"]
[Date "2004.07.25"]
[Round "2"]
[White "Munk, Poul"]
[Black "Auchenberg, Einar"]
[Result "1-0"]
[WhiteElo "1992"]
[BlackElo "1486"]
[PlyCount "49"]
[EventDate "2004.07.24"]
[EventType "swiss"]
[EventRounds "10"]
[EventCountry "DEN"]
[SourceDate "2004.01.01"]

1. c4 Nf6 2. Nc3 e6 3. e4 Bb4 4. e5 Bxc3 5. bxc3 Ng8 6. d4 b6 7. Qg4 g6 8. Bg5
f5 9. exf6 Nxf6 10. Qf3 Nc6 11. Bxf6 O-O 12. Bxd8 Rxf3 13. Nxf3 Nxd8 14. Be2 d6
15. O-O Nf7 16. Rfe1 Bb7 17. Nd2 Re8 18. Bf3 c6 19. Re3 e5 20. Rae1 Rd8 21. a4
Kf8 22. a5 d5 23. cxd5 exd4 24. cxd4 cxd5 25. Re7 1-0

[Event "26. Copenhagen Open  (Politiken Cup)"]
[Site "Taastrup"]
[Date "2004.07.25"]
[Round "2"]
[White "Nielsen, Borge Hjerrild"]
[Black "Ekeberg, Carl Fredrik"]
[Result "0-1"]
[WhiteElo "2097"]
[BlackElo "2298"]
[PlyCount "68"]
[EventDate "2004.07.24"]
[EventType "swiss"]
[EventRounds "10"]
[EventCountry "DEN"]
[SourceDate "2004.01.01"]

1. d4 Nf6 2. c4 e6 3. Nc3 Bb4 4. Qc2 O-O 5. Bg5 c5 6. dxc5 Na6 7. a3 Bxc3+ 8.
Qxc3 Nxc5 9. f3 Nfe4 10. Bxd8 Nxc3 11. Be7 Nb3 12. Bxf8 Kxf8 13. Rd1 Nxd1 14.
Kxd1 a5 15. e3 b6 16. Ne2 a4 17. Nd4 Nxd4 18. exd4 Ba6 19. Kd2 Rc8 20. Kc3 Bxc4
21. Bxc4 b5 22. Kb4 bxc4 23. Kxa4 Rb8 24. Rb1 Rb3 25. Rc1 d5 26. Rc2 Ke7 27.
Ka5 Kd6 28. a4 e5 29. dxe5+ Kxe5 30. Ka6 Kd4 31. a5 Kc5 32. Ka7 d4 33. a6 d3
34. Rd2 Kd4 0-1

[Event "26. Copenhagen Open  (Politiken Cup)"]
[Site "Taastrup"]
[Date "2004.07.25"]
[Round "2"]
[White "Nielsen, Jens Holm"]
[Black "Bjerke, Richard"]
[Result "0-1"]
[WhiteElo "2068"]
[BlackElo "2232"]
[PlyCount "116"]
[EventDate "2004.07.24"]
[EventType "swiss"]
[EventRounds "10"]
[EventCountry "DEN"]
[SourceDate "2004.01.01"]

1. Nc3 d5 2. e4 c6 3. f4 dxe4 4. Nxe4 Nd7 5. Nf3 Ngf6 6. Nf2 g6 7. b3 Bg7 8.
Bb2 Qb6 9. Qe2 O-O 10. Ne5 a5 11. a4 Nxe5 12. Bxe5 Bf5 13. d3 Rfe8 14. h3 Nh5
15. Qd2 Bxe5 16. fxe5 Ng3 17. Rg1 Qd4 18. Ra2 Qxe5+ 19. Kd1 Red8 20. Kc1 Qd4
21. Qe1 Rd6 22. c3 Qd5 23. Ng4 Nxf1 24. Nh6+ Kg7 25. Nxf5+ Qxf5 26. Rxf1 Qxd3
27. Rf3 Qd5 28. Raf2 Rf6 29. Qxe7 Rxf3 30. Rxf3 Qxb3 31. Qf6+ Kg8 32. Re3 Qxa4
33. g4 Qa3+ 34. Kb1 a4 35. Re2 Qb3+ 36. Rb2 Qd1+ 37. Ka2 Qd5+ 38. Ka3 b5 39. h4
Qe6 40. Qf3 Rd8 41. h5 Qd5 42. Qf4 Qd6+ 43. Qxd6 Rxd6 44. h6 Rd3 45. Kb4 Rg3
46. Rd2 Kf8 47. Rd8+ Ke7 48. Rh8 Rxg4+ 49. Ka3 Rh4 50. Rxh7 Kf6 51. Rh8 Kg5 52.
h7 Kh6 53. Rc8 Kxh7 54. Rxc6 Rc4 55. Rxc4 bxc4 56. Kxa4 g5 57. Kb4 g4 58. Kxc4
g3 0-1

[Event "26. Copenhagen Open  (Politiken Cup)"]
[Site "Taastrup"]
[Date "2004.07.25"]
[Round "2"]
[White "Nielsen, Morten"]
[Black "Hvenekilde, Jorgen"]
[Result "0-1"]
[WhiteElo "2075"]
[BlackElo "2239"]
[PlyCount "74"]
[EventDate "2004.07.24"]
[EventType "swiss"]
[EventRounds "10"]
[EventCountry "DEN"]
[SourceDate "2004.01.01"]

1. e4 e5 2. Bc4 Nc6 3. Nc3 Nf6 4. f4 Bc5 5. d3 d6 6. f5 Na5 7. Bg5 c6 8. Qf3 b5
9. Bb3 Qb6 10. Nge2 Nxb3 11. axb3 Bb7 12. Ng3 Nd7 13. Rf1 f6 14. Qh5+ Ke7 15.
Bh4 a5 16. Nge2 h6 17. Rf3 Rhg8 18. Qg4 Kd8 19. Ng3 Kc7 20. Nh5 Rac8 21. Ke2
Kb8 22. Qg6 Qc7 23. Rg3 d5 24. Qh7 b4 25. Na4 dxe4 26. Nxc5 Nxc5 27. Rxg7 Rxg7
28. Nxg7 exd3+ 29. cxd3 Ba6 30. Qxh6 Bxd3+ 31. Ke1 Rg8 32. Bxf6 Nd7 33. Ne6 Qb6
34. Kd2 Rxg2+ 35. Kxd3 Qb5+ 36. Ke4 Qe2+ 37. Qe3 Nxf6+ 0-1

[Event "26. Copenhagen Open  (Politiken Cup)"]
[Site "Taastrup"]
[Date "2004.07.25"]
[Round "2"]
[White "Nielsen, Rasmus Lundberg"]
[Black "Svendsen, Mads Bilde"]
[Result "0-1"]
[WhiteElo "1760"]
[BlackElo "2151"]
[PlyCount "108"]
[EventDate "2004.07.24"]
[EventType "swiss"]
[EventRounds "10"]
[EventCountry "DEN"]
[SourceDate "2004.01.01"]

1. e4 c5 2. Nf3 Nc6 3. Bb5 g6 4. O-O Bg7 5. c3 Nf6 6. d4 cxd4 7. cxd4 a6 8. e5
Nd5 9. Bc4 Nb6 10. Bb3 O-O 11. Bf4 d5 12. exd6 exd6 13. h3 Qf6 14. Bg5 Qf5 15.
Bc2 Qb5 16. Bc1 Nd5 17. Nc3 Nxc3 18. bxc3 Na5 19. Bd3 Qc6 20. Bf4 Be6 21. Qd2
Bc4 22. Rfe1 Rac8 23. Be4 Bd5 24. Bxd5 Qxd5 25. Re7 Nc4 26. Qd3 Bf6 27. Re2 b5
28. Nd2 Nxd2 29. Bxd2 Rc4 30. a3 Qc6 31. Qe4 Qxe4 32. Rxe4 Kg7 33. Kf1 Rfc8 34.
g3 Bd8 35. Re8 Ba5 36. Rxc8 Rxc8 37. Rc1 Kf6 38. Ke2 d5 39. Kd3 Re8 40. Ra1 Bc7
41. a4 bxa4 42. Rxa4 a5 43. c4 Ke6 44. Ra1 dxc4+ 45. Kxc4 Ra8 46. d5+ Kd7 47.
f4 a4 48. Bc3 Bd6 49. Be5 a3 50. Kb3 Ra5 51. Kc4 Ra4+ 52. Kb3 Re4 53. Bc3 Re3
54. Rg1 Bc5 0-1

[Event "26. Copenhagen Open  (Politiken Cup)"]
[Site "Taastrup"]
[Date "2004.07.25"]
[Round "2"]
[White "Nilsson, Nils Specht"]
[Black "Danielsen, Magnus"]
[Result "1-0"]
[WhiteElo "2140"]
[BlackElo "1928"]
[PlyCount "99"]
[EventDate "2004.07.24"]
[EventType "swiss"]
[EventRounds "10"]
[EventCountry "DEN"]
[SourceDate "2004.01.01"]

1. e4 e6 2. d4 d5 3. Nd2 dxe4 4. Nxe4 Bd7 5. Nf3 Bc6 6. Bd3 Nf6 7. Qe2 Be7 8.
c3 Nbd7 9. O-O Bxe4 10. Bxe4 Nxe4 11. Qxe4 c6 12. Re1 Nf6 13. Qe2 O-O 14. c4
Re8 15. b3 c5 16. Bb2 cxd4 17. Bxd4 Bb4 18. Red1 Qe7 19. Qb2 Red8 20. a3 Bc5
21. b4 Bxd4 22. Rxd4 Rxd4 23. Qxd4 Qc7 24. Rd1 h6 25. Ne5 Rc8 26. g3 a6 27. f4
h5 28. h3 Ne8 29. c5 Nf6 30. Qd6 a5 31. Qxc7 Rxc7 32. Rd8+ Kh7 33. Rf8 h4 34.
g4 Nd5 35. Rxf7 Rxf7 36. Nxf7 axb4 37. axb4 Nxb4 38. Nd8 Nd3 39. Nxb7 Nxf4 40.
c6 Nd5 41. Kf2 Kg6 42. Kf3 Kf6 43. Ke4 Nc7 44. Nc5 Nd5 45. Nd7+ Ke7 46. Ke5 g5
47. Nc5 Ne3 48. Ne4 Nc4+ 49. Kd4 Na5 50. Kc5 1-0

[Event "26. Copenhagen Open  (Politiken Cup)"]
[Site "Taastrup"]
[Date "2004.07.25"]
[Round "2"]
[White "Olsen, Aage Dalstrup"]
[Black "Bjornsson, Sigurbjorn"]
[Result "0-1"]
[WhiteElo "2098"]
[BlackElo "2315"]
[PlyCount "56"]
[EventDate "2004.07.24"]
[EventType "swiss"]
[EventRounds "10"]
[EventCountry "DEN"]
[SourceDate "2004.01.01"]

1. e4 e5 2. Nf3 Nc6 3. Bc4 Bc5 4. c3 Nf6 5. d4 exd4 6. e5 d5 7. Bb5 Ne4 8. cxd4
Bb4+ 9. Bd2 Nxd2 10. Nbxd2 O-O 11. O-O Bg4 12. Be2 Re8 13. h3 Bh5 14. a3 Bf8
15. Nb3 f6 16. g4 Bg6 17. Bb5 Re6 18. Rc1 fxe5 19. Bxc6 bxc6 20. Nxe5 Qh4 21.
Kg2 Bd6 22. Nc5 Bxe5 23. dxe5 Rxe5 24. f4 Re3 25. Rf3 Rae8 26. f5 Bxf5 27. gxf5
Qg5+ 28. Kh1 Rxf3 0-1

[Event "26. Copenhagen Open  (Politiken Cup)"]
[Site "Taastrup"]
[Date "2004.07.25"]
[Round "2"]
[White "Onstad, Lars H"]
[Black "Adnoy, Hallvard V"]
[Result "0-1"]
[WhiteElo "1778"]
[BlackElo "2204"]
[PlyCount "72"]
[EventDate "2004.07.24"]
[EventType "swiss"]
[EventRounds "10"]
[EventCountry "DEN"]
[SourceDate "2004.01.01"]

1. d4 Nf6 2. c4 d6 3. Nf3 Nbd7 4. Nc3 e5 5. Bg5 c6 6. e3 Be7 7. Bd3 Nh5 8. Ne4
Nhf6 9. Nxf6+ Bxf6 10. Bxf6 Nxf6 11. dxe5 dxe5 12. Qc2 Qe7 13. Nd2 O-O 14. h3
Rd8 15. O-O-O b5 16. Kb1 Rb8 17. g4 bxc4 18. Bxc4 Nd5 19. Nb3 Be6 20. Rd2 a5
21. Rhd1 Rdc8 22. e4 a4 23. Nc1 Qb4 24. Nd3 Nc3+ 25. Kc1 Qxc4 26. bxc3 Qb5 27.
Nb4 h6 28. f3 Bc4 29. Rd6 a3 30. R1d2 Qc5 31. Qa4 Bd5 32. Rd7 Qxc3+ 33. Qc2
Qxb4 34. exd5 cxd5 35. Rc7 Rxc7 36. Qxc7 Qb1# 0-1

[Event "26. Copenhagen Open  (Politiken Cup)"]
[Site "Taastrup"]
[Date "2004.07.25"]
[Round "2"]
[White "Overmark, Ole"]
[Black "Buchkremer, Felix"]
[Result "1/2-1/2"]
[WhiteElo "1653"]
[BlackElo "2046"]
[PlyCount "78"]
[EventDate "2004.07.24"]
[EventType "swiss"]
[EventRounds "10"]
[EventCountry "DEN"]
[SourceDate "2004.01.01"]

1. Nf3 f5 2. c4 Nf6 3. g3 g6 4. Bg2 Bg7 5. O-O O-O 6. Nc3 d6 7. d4 Qe8 8. Re1
Qf7 9. b3 Ne4 10. Qd3 Nxc3 11. Qxc3 c5 12. Qd2 Nc6 13. Bb2 e5 14. Ng5 Qe7 15.
dxc5 dxc5 16. Bd5+ Kh8 17. Rad1 h6 18. Nf3 Rd8 19. Qc1 Kh7 20. e4 f4 21. Bxc6
Rxd1 22. Rxd1 bxc6 23. Rd3 g5 24. Qa1 Bh3 25. Bxe5 g4 26. Bxg7 gxf3 27. Be5 Re8
28. Bxf4 Qxe4 29. Re3 Qg6 30. Rxe8 Qxe8 31. Qe5 Qxe5 32. Bxe5 Kg6 33. Bd6 Kf5
34. Bxc5 a6 35. b4 Ke6 36. a4 h5 37. b5 cxb5 38. cxb5 axb5 39. axb5 Kd7 1/2-1/2

[Event "26. Copenhagen Open  (Politiken Cup)"]
[Site "Taastrup"]
[Date "2004.07.25"]
[Round "2"]
[White "Pedersen, Thomas"]
[Black "Johansen, Paul"]
[Result "0-1"]
[WhiteElo "1712"]
[BlackElo "2117"]
[PlyCount "114"]
[EventDate "2004.07.24"]
[EventType "swiss"]
[EventRounds "10"]
[EventCountry "DEN"]
[SourceDate "2004.01.01"]

1. e4 c5 2. f4 Nc6 3. Nf3 d5 4. exd5 Qxd5 5. Nc3 Qd8 6. Bb5 Bd7 7. O-O Nf6 8.
Ne5 Nxe5 9. fxe5 Bxb5 10. Nxb5 a6 11. exf6 axb5 12. Qf3 Qd4+ 13. Rf2 Qxf6 14.
Qxb7 Qa6 15. Qf3 f6 16. Qh5+ g6 17. Qxc5 e5 18. Qe3 Rd8 19. c3 Be7 20. Qe2 O-O
21. d4 Rfe8 22. Bh6 exd4 23. Qc2 Qe6 24. cxd4 Rxd4 25. Re2 Qd7 26. Be3 Rc4 27.
Qd2 Qxd2 28. Rxd2 Bb4 29. Rd3 Rxe3 30. Rxe3 Bc5 31. Kf2 Rc2+ 32. Kf3 Bxe3 33.
Kxe3 Rxb2 34. Kf3 Kf7 35. h4 Rb4 36. g4 h5 37. gxh5 gxh5 38. Kg3 Rg4+ 39. Kh3
Ra4 40. Kg3 Kg6 41. Rb1 Rg4+ 42. Kh3 b4 43. Rb3 Rc4 44. Rb2 Kf5 45. Kg3 Ke5 46.
Rf2 f5 47. Kh3 f4 48. Kg2 Kf5 49. Kh3 Rc3+ 50. Kg2 Kg4 51. Kh2 Rc4 52. Rb2 Re4
53. Rb3 Re2+ 54. Kg1 Rxa2 55. Rxb4 Kg3 56. Rb1 f3 57. Kf1 Rh2 0-1

[Event "26. Copenhagen Open  (Politiken Cup)"]
[Site "Taastrup"]
[Date "2004.07.25"]
[Round "2"]
[White "Prakken, Gerrit"]
[Black "Skjoldan, Benjamin"]
[Result "1/2-1/2"]
[WhiteElo "2265"]
[BlackElo "2080"]
[PlyCount "44"]
[EventDate "2004.07.24"]
[EventType "swiss"]
[EventRounds "10"]
[EventCountry "DEN"]
[SourceDate "2004.01.01"]

1. d4 g6 2. Nf3 Bg7 3. c4 d6 4. Nc3 Nf6 5. g3 O-O 6. Bg2 Nbd7 7. O-O e5 8. e4
c6 9. Rb1 Qe7 10. Re1 a5 11. h3 Nb6 12. b3 Nfd7 13. Be3 a4 14. Qc2 f5 15. dxe5
dxe5 16. exf5 gxf5 17. Rbd1 axb3 18. axb3 Qb4 19. Bd2 Qa3 20. Bc1 Qb4 21. Bd2
Qa3 22. Bc1 Qb4 1/2-1/2

[Event "26. Copenhagen Open  (Politiken Cup)"]
[Site "Taastrup"]
[Date "2004.07.25"]
[Round "2"]
[White "Preuss, Flemming"]
[Black "Thomsen, Peter"]
[Result "1-0"]
[WhiteElo "2044"]
[BlackElo "1631"]
[PlyCount "63"]
[EventDate "2004.07.24"]
[EventType "swiss"]
[EventRounds "10"]
[EventCountry "DEN"]
[SourceDate "2004.01.01"]

1. e4 c6 2. d4 d5 3. exd5 cxd5 4. c4 Bf5 5. Nc3 Nf6 6. Qb3 Qc7 7. cxd5 Ne4 8.
Be2 Nd7 9. Bf3 Nd6 10. Nge2 Nb6 11. Bf4 Qc4 12. Rc1 Qxb3 13. axb3 a6 14. O-O
Rd8 15. Ng3 Bg6 16. Rfe1 h5 17. h4 Nbc8 18. Na4 Nf5 19. Nxf5 Bxf5 20. Rc7 b6
21. g3 g6 22. Bg5 Bd7 23. Bf6 Rg8 24. d6 Nxd6 25. Nxb6 Nb5 26. Rb7 Nd6 27. Ra7
Nb5 28. Rxa6 Nc7 29. Ra7 Ne6 30. Nxd7 Rxd7 31. Ra8+ Nd8 32. Bc6 1-0

[Event "26. Copenhagen Open  (Politiken Cup)"]
[Site "Taastrup"]
[Date "2004.07.25"]
[Round "2"]
[White "Radovic, Slobodan"]
[Black "Thestrup, Sixten"]
[Result "0-1"]
[WhiteElo "1382"]
[BlackElo "1917"]
[PlyCount "64"]
[EventDate "2004.07.24"]
[EventType "swiss"]
[EventRounds "10"]
[EventCountry "DEN"]
[SourceDate "2004.01.01"]

1. d4 f5 2. Nc3 Nf6 3. Bg5 e6 4. e4 fxe4 5. Nxe4 Be7 6. Bxf6 Bxf6 7. Nxf6+ Qxf6
8. Qh5+ g6 9. Qe5 O-O 10. Nf3 b6 11. Be2 Nc6 12. Qxf6 Rxf6 13. O-O-O Nb4 14.
Kb1 Nd5 15. g3 Bb7 16. Rhe1 Nc3+ 17. bxc3 Bxf3 18. c4 Raf8 19. Rd2 g5 20. Kb2
Bb7 21. f4 gxf4 22. gxf4 Rxf4 23. Bd3 Rf2 24. Rg1+ Kh8 25. Rxf2 Rxf2 26. h3 Rg2
27. Rf1 Kg7 28. Rf4 Rg3 29. Rh4 h6 30. Rg4+ Rxg4 31. hxg4 Bf3 32. d5 Bxg4 0-1

[Event "26. Copenhagen Open  (Politiken Cup)"]
[Site "Taastrup"]
[Date "2004.07.25"]
[Round "2"]
[White "Refsgaard, Kaj"]
[Black "Soupizon, Remi"]
[Result "0-1"]
[WhiteElo "1493"]
[BlackElo "2003"]
[PlyCount "44"]
[EventDate "2004.07.24"]
[EventType "swiss"]
[EventRounds "10"]
[EventCountry "DEN"]
[SourceDate "2004.01.01"]

1. d4 d5 2. c4 Nc6 3. Nc3 dxc4 4. e3 e5 5. d5 Nce7 6. Bxc4 Nf6 7. e4 Ng6 8. Bg5
a6 9. Nf3 Bd6 10. O-O h6 11. Bxf6 Qxf6 12. Be2 Nf4 13. Qa4+ Ke7 14. Rac1 Bg4
15. Qd1 h5 16. h3 Rh6 17. Nh2 Bxh3 18. gxh3 Qg5+ 19. Bg4 Nxh3+ 20. Kg2 Nf4+ 21.
Kg3 hxg4 22. Nxg4 Rh3# 0-1